000 00941nam a22002657a 4500
003 OSt
005 20250219113109.0
008 250219b |||||||| |||| 00| 0 eng d
020 _a9780124115774 (paperback)
040 _aNUST
_beng
_cNUST
_dNUST
_erda
050 _aHV8073 SEB
100 _aSebyan Black, Inge
_eAuthor
245 _aThe art of investigative interviewing /
_cInge Sebyan Black, Charles L. Yeschke
250 _aThird edition.
260 _aWaltham, MA :
_bButterworth-Heinemann,
_c2014.
300 _axxiv, 171 pages :
_billustrations ;
_c24 cm.
336 _2rdamedia
_atext
_btxt
337 _2rdamedia
_aunmediated
_bn
338 _2rdamedia
_avolume
_bnc
504 _aIncludes bibliographical references and index.
650 _vInterviewing in law enforcement.
650 _vPolice questioning.
700 _aYeschke, Charles L
_eAuthor
942 _2lcc
_cBOOKS
_eThird edition.
_hHV8073 SEB
_kHV
_mSEB
_n0
999 _c171305
_d171305